000 01035nam a2200253Ia 4500
001 17711
003 GE_BSU
008 181216s||||||||xx |||||||||||||| ||und||
020 _a9789941459191
040 _cGE_BSU
080 _a339.188+656
100 _aთევზაძე,მავრა. ჩხარტიშვილი,ზაზა
245 _aლოჯისტიკის ძირითადი კონცეფცია,თეორია,პრაქტიკა
245 _bდამხმ.სახ-ლო
245 _cრედ.:მურთაზ სვანიძე
260 _aქუთაისი
260 _bაკაკი წერეთლის სახ. უნ-ტი
260 _c2015
300 _a344გვ.21სმ. ცხრ.
300 _eბიბლ.გვ.339
653 _aდამხ.სახელმძღ.
653 _aლოჯისტიკის ძირითადი კონცეფცია,თეორია,პრაქტიკა
942 _cBK
999 _c50759
_d50759